header

Domain decomposition methods for the numerical solution of partial differential equations (Record no. 37835)

MARC details
000 -LEADER
fixed length control field 01598nam a2200385 a 4500
082 04 - DEWEY DECIMAL CLASSIFICATION NUMBER
Classification number 515.353
100 1# - MAIN ENTRY--AUTHOR NAME
Personal name Mathew, Tarek P. A.
245 10 - TITLE STATEMENT
Title Domain decomposition methods for the numerical solution of partial differential equations
260 ## - PUBLICATION, DISTRIBUTION, ETC. (IMPRINT)
Place of publication Berlin :
Name of publisher Springer,
Year of publication c2008.
300 ## - PHYSICAL DESCRIPTION
Number of Pages xiii, 764 p. :
Other physical details ill.
490 1# - SERIES STATEMENT
Series statement Lecture notes in computational science and engineering,
650 #0 - SUBJECT ADDED ENTRY--TOPICAL TERM
Topical Term Decomposition method.
Topical Term Differential equations, Partial
856 40 - ELECTRONIC LOCATION AND ACCESS
Uniform Resource Identifier http://site.ebrary.com/lib/rucke/Doc?id=10239415

No items available.

© 2026 Rongo University
Contact us: librarian | system librarian | Rongo university